000 00722nam a22002297a 4500
005 20170124110029.0
010 _aB-041094
020 _c750.00
_a8187461020
035 _aB-041094
037 _bCen Lib/Ret
040 _aDPL
_bEN
082 _a551.46
_bSID
100 _aSiddhartha, K
_921381
245 _aOceanography :
_cby K. Siddhartha
_ba brief introduction /
260 _aNew Delhi
_bKisalaya Publications
_c1999
270 _aC2, Padma Apartment 62-63, New Manlapuri Mehrauli
_bNew Delhi
_e110030
300 _a347p. :
_c24cm(Hb)
_bill.
500 _aIncludes references
650 _aOceanography
_95595
650 _aSurface waves (Oceanography)
_921382
942 _2ddc
_cEN
_h551.46
_mSID
999 _c127737
_d127737